Imitátori ako šikovné firmy využívajú imitáciu na získanie strategickej výhody

Guardado en:
Detalles Bibliográficos
Autor principal: Shenkar, Oded
Otros Autores: Polková, Lenka, Péliová, Jana, 1976-
Formato: Libro
Lenguaje:eslovaco
Publicado: Bratislava Eastone Books 2011
Colección:Knižná edícia Nadácie Tatra banky
Materias:
Etiquetas: Agregar Etiqueta
Sin Etiquetas, Sea el primero en etiquetar este registro!

MARC

LEADER 00000nam a2200000 4500
001 0129553
005 20240502072503.0
020 |a 978-80-8109-164-3 
041 0 |a slo 
044 |a SK 
245 1 0 |a Imitátori  |b ako šikovné firmy využívajú imitáciu na získanie strategickej výhody  |c Oded Shenkar ; odborná redaktorka Jana Péliová 
264 1 |a Bratislava  |b Eastone Books  |c 2011 
300 |a 176 s. 
490 1 |a Knižná edícia Nadácie Tatra banky 
830 0 |a Knižná edícia Nadácie Tatra banky 
610 2 0 |a výhody konkurenčné 
610 2 0 |a konkurencia 
610 2 0 |a stratégia podnikateľská 
610 2 0 |a stratégia podniková 
610 2 0 |a inovácia 
610 2 0 |a efektívnosť inovácií 
100 1 |a Shenkar, Oded 
700 1 |a Polková, Lenka 
700 1 |a Péliová, Jana, 1976-